Statistics for Most Champions League Winners Medal Per Nationality

Click here to take the quiz!

General Stats

  • This quiz has been taken 27 times
  • The average score is 31 of 101

Answer Stats

Nationality Medals and YearsAnswer% Correct
Argentina 4(2006,2009,2011,2015)Messi
100%
Wales 3 (2014 2016 2017)Bale
79%
Portugal 4 (2008 2014 2016 2017)Ronaldo
79%
Ivory Coast 1 (2012)Drogba
75%
Spain 4 (2006 2009 2011 2015)Iniesta
75%
Spain 4 (2006 2009 2011 2015)Xavi
75%
Italy 3 (1994 2003 2007)Maldini
67%
Croatia 3 (2014 2016 2017)Modric
67%
England 2 (1999 2008)Scholes
63%
Brazil 3 (2009 2011 2015)Alves
58%
France 3 (2014 2016 2018)Benzema
58%
Cameroon 3 (2006 2009 2010)Eto`o
58%
Brazil 3 (2014 2016 2017)Marcelo
58%
Colombia 2 (2016 2017)Rodriguez
58%
Germany 3 (2013 2016 2017)Kroos
54%
Uruguay 1 (2015)Suarez
54%
Australia(2005)Kewell
50%
England 2 (1999 2008)Neville
50%
South Korea 1 (2008)Park
50%
Netherlands 4 (1995 1998 2003 2007)Seedorf
50%
Ukraine 1 (2003)Shevchenko
50%
Ivory Coast 1 (2009)Toure
50%
Ireland 1 (1999)Keane
46%
Finland 1 (1995)Litmanen
46%
Spain 4 (2008 2009 2011 2015)Pique
46%
Brazil 3 (1998 2000 2002)Carlos
42%
Czech 1 (2012)Cech
42%
Nigeria1 (1995)Kanu
42%
Denmark 1 (1999)Schmeichel
42%
Norway 1 (1999)Solskjaer
42%
France 3 (2014 2016 2017)Varane
42%
Ghana 1 (2012)Essien
38%
Iceland 1 (2009)Gudjohnsen
38%
Sweden 1 (2006)Larsson
38%
Denmark 1(1994)Laudrup
38%
Serbia 1 (2008)Vidic
38%
Austria 1 (2013)Alaba
33%
Brazil 3 (2014 2016 2017)Casemiro
33%
Scotland 1 (2008)Fletcher
33%
Mexico 2 (2006 2009)Marquez
33%
Ireland 1 (2008)O`Shea
33%
Peru 1 (2013)Pizarro
33%
Trinidad 1 (1999)Yorke
33%
Norway 1 (1999)Berg
29%
Poland 1 (2005)Dudek
29%
Belarus 1 (2009)Hleb
29%
Ireland 1 (1999)Irwin
29%
Georgia 2 (2003 2007)Kaladze
29%
Macedonia 1 (2010)Pandev
29%
Norway 1 (2005)Riise
29%
Czech 1 (2005)Baros
25%
England 2(1999 2008)Brown
25%
England 2 (2001 2008)Hargreaves
25%
Finland 1 (2005)Hyypia
25%
Ivory Coast 1 (2012)Kalou
25%
England 2 (2000 2002)McManaman
25%
Yugoslavia 1 (1998)Mijatovic
25%
Ghana 1 (1993)Pele
25%
Switzerland 1 (2013)Shaqiri
25%
Denmark 1 (2003)Tomasson
25%
Belgium 1 (2015)Vermaelen
25%
Chile 1 (2015)Bravo
21%
Russia 1 (1997)But
21%
Italy 3 (1994 2003 2007)Costacurta
21%
Ireland 1 (2005)Finnan
21%
Serbia 1 (2012)Ivanovic
21%
Mali 2 (2009 2011)Keita
21%
Nigeria 1 (2012)Mikel
21%
Ghana 1 (2010)Muntari
21%
Czech 1(2005)Smicer
21%
Serbia 1 (2010)Stankovic
21%
Belgium 1 (2013)Van Buyten
21%
Czech 1 (2007)Jankulovski
17%
Norway 1(1999)Johnsen
17%
Austria 1 (2010)Arnautovic
13%
Sweden 1 (1999)Blomqvist
13%
South Africa 1 (2004)McCarthy
13%
Ukraine1 (2013)Tymoshchuk
13%
Nigeria 1 (1995)George
8%
Kenya 1 (2010)Mariga
8%
Dominican Republic 1 (2017)Mejia
8%
Paraguay 1 (2001)Santa Cruz
8%
Russia 1 (2004)Alenichev
4%
Uruguay 1 (2009)Caceres
4%
Switzerland 1 (1997)Chapuisat
4%
Denmark 1 (2003)Helveg
4%
Lithuania 1 (2004)Jankauskas
4%
Australia(2007)Kalac
4%
Slovenia 1 (2010)Krhin
4%
Ghana 1 (2001)Kuffour
4%
Poland 1 (2008)Kuszczak
4%
Romania1 (1994)Raducioiu
4%
Sweden 1 (2001)Andersson
0%
Bosnia 2 (2000 2002)Baljic
0%
Russia 1 (1993)Dobrovolski
0%
USA 1(1997)Kirovski
0%
Denmark 1 (2003)Larsen
0%
Yugoslavia 1 (2000)Ognjenovic
0%
Norway 1 (1997)Pedersen
0%
Brazil 3 (1998 2000 2002)Savio
0%
Switzerland 1 (2001)Sforza
0%

Score Distribution

Percentile by Number Answered

Percent of People with Each Score

Your Score History

You have not taken this quiz